000 01026nam a2200277Ia 4500
003 OSt
005 20221005105523.0
006 a|||||r|||| 00| 0
007 ta
008 221004b |||||||| |||| 00| 0 hin d
020 _a8126708697 (pbk)
_cIndian Rupees 75
024 _a70779
037 _bGift, 10/12/2021,
_cTextual
040 _aCRL
_cCRL
_bhin
041 _2hin
_ahin
082 _aO111,3N23,MB, 152P4
100 _aगोर्डाइमर, नादिन, ले.
245 0 _aमेरे बेटे की कहानी
246 _aMere beṭe kī kahānī
260 _aनई दिल्ली
_bराजकमल पेपरबैक्स भारत
_c2004
300 _a227पृ0
_ccm.
650 _a अंग्रेजी साहित्य
650 _aअंग्रेजी कहानी
942 _hO111,3N23,MB, 152P4
_cTEXL
_2cc
999 _c1016069
_d1016069